Impact of socio-economic factors in the choice of transportation modes in Kerala : A case study of Quilon-Cochin region (Record no. 15190)
[ view plain ]
| 000 -LEADER | |
|---|---|
| fixed length control field | 00573nam a2200169Ia 4500 |
| 082 ## - DEWEY DECIMAL CLASSIFICATION NUMBER | |
| Classification number | TR.0241 |
| 100 ## - MAIN ENTRY--AUTHOR NAME | |
| Personal name | Ravikumar, G. |
| 245 #0 - TITLE STATEMENT | |
| Title | Impact of socio-economic factors in the choice of transportation modes in Kerala : A case study of Quilon-Cochin region |
| 250 ## - EDITION STATEMENT | |
| Edition statement | University of Kerala |
| 260 ## - PUBLICATION, DISTRIBUTION, ETC. (IMPRINT) | |
| Year of publication | 1990 |
| 300 ## - PHYSICAL DESCRIPTION | |
| Number of Pages | 450p. + C D-3 |
| 650 ## - SUBJECT ADDED ENTRY--TOPICAL TERM | |
| Topical Term | TRANSPORTATION, CHOICE OF//CHOICE OF TRANSPORTATION |
| 650 ## - SUBJECT ADDED ENTRY--TOPICAL TERM | |
| Topical Term | TRANSPORTATION///CHOICE OF TRANSPORTATION |
| 650 ## - SUBJECT ADDED ENTRY--TOPICAL TERM | |
| Topical Term | CHOICE OF TRANSPORTATION - KERALA |
| 710 ## - ADDED ENTRY--CORPORATE NAME | |
| Corporate name or jurisdiction name as entry element | Karunakaran Pillai, G. |
| 942 ## - ADDED ENTRY ELEMENTS (KOHA) | |
| Koha item type | Thesis |
| Source of classification or shelving scheme | Dewey Decimal Classification |
| Withdrawn status | Lost status | Damaged status | Not for loan | Home library | Current library | Date acquired | Bill Date | Full call number | Accession Number | Price effective from | Koha item type |
|---|---|---|---|---|---|---|---|---|---|---|---|
| NASSDOC Library | NASSDOC Library | 08/10/2004 | 2008-12-30 | TR.0241 | 32152 | 18/04/2019 | Thesis |
